| 000 | 00683cam a2200229 4500500 | ||
|---|---|---|---|
| 005 | 20260405002908.0 | ||
| 041 | _afre | ||
| 042 | _adc | ||
| 100 | 1 | 0 |
_aEltchaninoff, Michel _eauthor |
| 245 | 0 | 0 | _aÉric Rochant. Agent double |
| 260 | _c2019. | ||
| 500 | _a38 | ||
| 690 | _aÉric Rochant | ||
| 690 | _aEspionnage | ||
| 690 | _aLe Bureau des légendes | ||
| 690 | _aRecanati | ||
| 690 | _aRenseignement | ||
| 690 | _aSérie télévisée | ||
| 690 | _aVincent Descombes | ||
| 786 | 0 | _nPhilosophie magazine | 128 | 4 | 2019-04-01 | p. 13-16 | 1951-1787 | |
| 856 | 4 | 1 | _uhttps://shs.cairn.info/magazine-philosophie-magazine-2019-4-page-13?lang=fr&redirect-ssocas=7080 |
| 999 |
_c2062238 _d2062238 |
||